000 00644pab a2200217 454500
008 180718b2000 xxu||||| |||| 00| 0 eng d
100 _aJennissen, Therese
245 _aWorkers' compensation in Canada: a case for greater public accountability
260 _c2000
300 _ap.23-45
362 _aSpring
650 _aEmployers liability - Canada
650 _aSocial security - Canada
650 _aAccountability - Canada
650 _aWorkers compensation - Canada
650 _aWorkers compensation
700 _aSchwartz, Saul
700 _aPrince, Michael J.
773 _aCanadian Public Administration
909 _a46351
999 _c46351
_d46351